|
|
|
|
| LEADER |
00000nam0a2200000 4500 |
| 001 |
87872 |
| 005 |
20231031102427.0 |
| 035 |
|
|
|a (RuTPU)RU\TPU\book\94332
|
| 090 |
|
|
|a 87872
|
| 100 |
|
|
|a 20051216d1987 m y0rusy50 ca
|
| 101 |
0 |
|
|a rus
|
| 102 |
|
|
|a RU
|
| 105 |
|
|
|a a j 001zy
|
| 200 |
1 |
|
|a Практические работы по адсорбции и гетерогенному катализу
|e учебное пособие для вузов
|f Л. Н. Курина, Л. М. Коваль
|
| 210 |
|
|
|a Томск
|c изд-во Томского ун-та
|d 1987
|
| 215 |
|
|
|a 120 с.
|c ил.
|
| 320 |
|
|
|a Библиография в конце глав.
|
| 610 |
1 |
|
|a химия
|
| 610 |
1 |
|
|a адсорбция
|
| 610 |
1 |
|
|a катализ гетерогенный
|
| 610 |
1 |
|
|a хроматермография
|
| 610 |
1 |
|
|a ИК -спектроскопия
|
| 610 |
1 |
|
|a практические пособия
|
| 610 |
1 |
|
|a учебные пособия
|
| 675 |
|
|
|a 544.47:544.344(075.8)
|v 3
|
| 675 |
|
|
|a 544.723(075.8)
|v 3
|
| 700 |
|
1 |
|a Курина
|b Л. Н.
|g Лариса Николаевна
|
| 701 |
|
1 |
|a Коваль
|b Л. М.
|g Любовь Михайловна
|
| 801 |
|
1 |
|a RU
|b 63413507
|c 20051216
|g PSBO
|
| 801 |
|
2 |
|a RU
|b 63413507
|c 20180626
|g PSBO
|
| 942 |
|
|
|c BK
|